Исследование усиления и генерации акустических потоков в фотопроводящих пьезополупроводниках при сверхзвуковом дрейфе электронов. Ч. 2: Акустические шумы ультразвуковых усилителей (Запись № 7264633)

Подробности
000 -МАРКЕР
контрольное поле 01625nam2a22002411 4500
001 - ИДЕНТИФИКАТОР ЗАПИСИ
контрольное поле rc\3680820
005 - ИДЕНТИФИКАТОР ВЕРСИИ
контрольное поле 20250610060945.0
035 ## - ДРУГИЕ СИСТЕМНЫЕ НОМЕРА
Идентификатор записи (NLR Aleph) 007751104
100 ## - ДАННЫЕ ОБЩЕЙ ОБРАБОТКИ
Данные общей обработки 20130115d1969 |||y0rusy50 ca
101 0# - ЯЗЫК РЕСУРСА
Язык текста, звукозаписи и т.д. русский
102 ## - СТРАНА ПУБЛИКАЦИИ ИЛИ ПРОИЗВОДСТВА
Страна публикации Российская Федерация
105 ## - ПОЛЕ КОДИРОВАННЫХ ДАННЫХ: ТЕКСТОВЫЕ МАТЕРИАЛЫ, МОНОГРАФИЧЕСКИЕ
Кодированные данные о монографическом текстовом документе a z |||||
200 1# - ЗАГЛАВИЕ И СВЕДЕНИЯ ОБ ОТВЕТСТВЕННОСТИ
Основное заглавие Акустические шумы ультразвуковых усилителей
210 ## - ПУБЛИКАЦИЯ, РАСПРОСТРАНЕНИЕ И ДР.
Дата издания, распространения и т.д. 1969
Место издания, распространения и т.д. Б. м.
215 ## - ФИЗИЧЕСКАЯ ХАРАКТЕРИСТИКА
Специфическое обозначение материала и объем 48 с.
Другие сведения о физической характеристике ил.
320 ## - ПРИМЕЧАНИЯ О НАЛИЧИИ В ДОКУМЕНТЕ БИБЛИОГРАФИИ / УКАЗАТЕЛЯ
Текст примечания Библиогр.: с. 47-48
461 #0 - УРОВЕНЬ НАБОРА
Встроенное поле 001rc\3680818
-- 2001#$aИсследование усиления и генерации акустических потоков в фотопроводящих пьезополупроводниках при сверхзвуковом дрейфе электронов$e[В 3 ч.]$eЧ. 1-3$fОрдена Трудового Красного Знамени ин-т радиотехники и электроники АН СССР$vЧ. 2
-- 700#1$aКалашников$bС.Г.$gСергей Григорьевич
Системный номер (АБИС) связанной записи 7264618
Автор Калашников, С.Г.
Место публикации Москва
Дата публикации 1969
Первые сведения об ответственности Ордена Трудового Красного Знамени ин-т радиотехники и электроники АН СССР
Имя издателя, распространителя и т.д. Б. и.
Сведения, относящиеся к заглавию [В 3 ч.] : Ч. 1-3
Физическая характеристика 3 т.
Заглавие Исследование усиления и генерации акустических потоков в фотопроводящих пьезополупроводниках при сверхзвуковом дрейфе электронов
Номер тома Ч. 2
801 #0 - ИСТОЧНИК ЗАПИСИ
Страна Российская Федерация
Организация NLR
Правила каталогизации psbo
801 #1 - ИСТОЧНИК ЗАПИСИ
Страна Российская Федерация
Организация ELAR
Источник данных rusmarc
852 ## - МЕСТОНАХОЖДЕНИЕ И ШИФР ХРАНЕНИЯ
Идентификатор организации NLR
Шифр хранения (Call Number) 70-4/5014
942 ## - ДОПОЛНИТЕЛЬНЫЕ ЭЛЕМЕНТЫ ЗАПИСИ (АБИС)
Тип экземпляра АБИС Книга
980 ## - КОЛЛЕКЦИЯ
Название коллекции Национальная библиография
Экземпляры
Тип экземпляра Дата поступления Библиотека постоянного хранения Библиотека текущего хранения Место хранения Шифр хранения Штрих-код Статус экземпляра
Книга 26.10.2013 РНБ (Московский) РНБ (Московский) Русский книжный фонд: издания с 1957 года 70-4/5014 7751104-10